Football - Villes hôtes euros - Statistiques

Statistiques générales
  • Ce quiz a été pris 461 fois
  • Le résultat moyen est 73 sur 108
Statistiques - réponses
Années pays Villes % Correct
1960 France Paris
100%
1984 France Paris
100%
2016 France Paris
100%
1960 France Marseille
99%
1984 France Marseille
99%
2016 France Marseille
99%
1964 Espagne Madrid
97%
1968 Italie Rome
96%
1980 Italie Rome
96%
2020 Italie Rome
96%
1964 Espagne Barcelone
95%
1984 France Lyon
95%
2016 France Lyon
95%
2016 France Lille
94%
2024 Allemagne Berlin
93%
2016 France Bordeaux
93%
1996 Angleterre Londres
93%
2020 Angleterre Londres
93%
2000 Pays-Bas Amsterdam
92%
2020 Pays-Bas Amsterdam
92%
1988 RFA Munich
92%
2020 Allemagne Munich
92%
2024 Allemagne Munich
92%
1972 Belgique Bruxelles
91%
2000 Belgique Bruxelles
91%
2004 Portugal Lisbonne
91%
1980 Italie Milan
91%
1980 Italie Turin
90%
1996 Angleterre Manchester
89%
2016 France Toulouse
89%
2004 Portugal Porto
88%
1984 France Nantes
87%
1968 Italie Naples
87%
1980 Italie Naples
87%
2016 France Nice
87%
2012 Ukraine Kiev
86%
1996 Angleterre Liverpool
86%
2020 Irlande Dublin
85%
2008 Autriche Vienne
84%
1984 France Saint Etienne
82%
2016 France Saint Etienne
82%
1984 France Strasbourg
82%
2012 Pologne Varsovie
82%
2020 Hongrie Budapest
81%
2008 Suisse Berne
80%
2020 Roumanie Bucarest
80%
2020 Danemark Copenhague
80%
2000 Pays-Bas Rotterdam
80%
2024 Allemagne Dortmund
79%
2020 Ecosse Glasgow
77%
2020 Russie Saint Petersbourg
77%
1984 France Lens
76%
2016 France Lens
76%
1988 RFA Hambourg
75%
2024 Allemagne Hambourg
75%
2008 Suisse Zurich
73%
2008 Suisse Genève
72%
1988 RFA Francfort
69%
2024 Allemagne Francfort
69%
2020 Azerbaidjan Bakou
66%
1976 Yougoslavie Belgrade
66%
1996 Angleterre Birmingham
66%
1988 RFA Cologne
66%
2024 Allemagne Cologne
66%
1972 Belgique Anvers
65%
1972 Belgique Liège
65%
2000 Belgique Liège
65%
1992 Suède Malmö
65%
1976 Yougoslavie Zagreb
65%
1968 Italie Florence
62%
2020 Espagne Bilbao
61%
2024 Allemagne Leipzig
61%
1988 RFA Stuttgart
61%
2024 Allemagne Stuttgart
61%
2000 Belgique Bruges
60%
2008 Autriche Salzbourg
59%
2012 Ukraine Donetsk
57%
2016 France Saint Denis
54%
2008 Suisse Bâle
52%
2004 Portugal Braga
52%
1988 RFA Düsseldorf
52%
2024 Allemagne Düsseldorf
52%
1996 Angleterre Newcastle
52%
2000 Pays-Bas Eindhoven
51%
1996 Angleterre Leeds
49%
1992 Suède Göteborg
44%
2000 Belgique Charleroi
40%
2012 Pologne Gdansk
39%
1988 RFA Gelsenkirchen
37%
2024 Allemagne Gelsenkirchen
37%
1988 RFA Hanovre
36%
2004 Portugal Faro
34%
2012 Ukraine Kharkiv
34%
2008 Autriche Innsbruck
31%
2012 Ukraine Lviv
29%
1996 Angleterre Nottingham
28%
2012 Pologne Poznan
26%
1996 Angleterre Sheffield
24%
2004 Portugal Coimbra
20%
2004 Portugal Guimaraes
20%
2012 Pologne Wrocław
20%
1992 Suède Solna
13%
2000 Pays-Bas Arnhem
12%
2004 Portugal Aveiro
9%
2008 Autriche Klagenfurt
9%
1992 Suède Norrköping
8%
2004 Portugal Leiria
7%
2004 Portugal Loulé
3%
Aucun quiz correspondant
Distribution des résultats
% des personnes avec chaque résultat
Percentile par nombre de réponses
Votre historique - résultats
Vous n’avez pas pris ce quiz